000 01099cam a22002894a 4500
001 13260322
005 20230731115512.0
008 030702s2004 maua b 001 0 eng
010 _a 2003057877
020 _a0201737353 (Student ed.)
040 _aDLC
_cDLC
_dDLC
042 _apcc
050 0 0 _aQA 276.12 .B628 2004
082 0 0 _a519.5
_222
100 1 _aBock, David E.
245 1 0 _aStats :
_bmodeling the world /
_cDavid E. Bock, Paul F. Velleman, Richard D. De Veaux.
250 _a1st ed.
260 _aBoston :
_bAddison-Wesley,
_cc2004.
300 _axix, 582, 107 p. :
_bcol. ill. ;
_c27 cm. +
_e1 CD-ROM (4 3/4 in.)
504 _aIncludes bibliographical references and index.
650 0 _aStatistics.
700 1 _aVelleman, Paul F.,
_d1949-
700 1 _aDe Veaux, Richard D.
906 _a7
_bcbc
_corignew
_d1
_eocip
_f20
_gy-gencatlg
942 _2lcc
_cBOOKS
_hQA 276.12 .B628 2004
999 _c31791
_d31791